000 00396nam a2200157Ia 4500
008 230917s9999||||xx |||||||||||||| ||und||
040 _e126189
_aMAIN
041 _aEnglish
082 _a658.781 A64I
100 _aArnold, J R Tony
245 0 _aIntroduction to materials management
250 _a5th. ed.
260 _aNew Delhi
_bPearson Education
_c2009
300 _a436 p.
942 _cBK
999 _c152236
_d152236